| 000 | 00855nam a2200241 i 4500 | ||
|---|---|---|---|
| 001 | 172658 | ||
| 003 | ES-MaACL | ||
| 005 | 20230906215009.0 | ||
| 008 | 090810s1977 fr |||| | fre d | ||
| 020 | _a2-03-075478-1 | ||
| 080 | _a133.1'276.2 | ||
| 080 | _a(038)=133.1 | ||
| 100 | 1 |
_aCaradec, François. _9141155 |
|
| 245 | 1 | 0 |
_aDictionnaire du français argotique et populaire / _cFrançois Caradec. |
| 260 |
_aParis : _bLarousse, _c1977. |
||
| 300 |
_a256 p. : _bil. ; _c18 cm. |
||
| 490 | 1 |
_aLes dictionnaires de l'homme du XXe siècle ; _v49 |
|
| 650 | 0 | 4 |
_aLengua francesa- _xArgots y jergas. _914200 |
| 650 | 4 |
_aLengua francesa- _vDiccionarios. _914205 |
|
| 830 | 0 |
_aLes dictionnaires de l'homme du XXe siècle ; _v49 _9223415 |
|
| 852 | 4 |
_aES-MaACL _jE-12949 _9R.139313 _z. - Biblioteca Jacinto Martínez Lacalle |
|
| 999 |
_c172658 _d172658 |
||